00860nam a2200181 a 450000100100000000500170001000800410002702000210006804000250008908200150011424502020012926001330033130000210046450000350048550400280052095201130054899900170066100002050720200930011124.0100322s2007 sp r 000 0 spa d a65107143X (NIPO) aDO-SdBNPbspacBNPHU axxxxbxxxx04aLas tecnologías de la información y de la comunicación :binforme sobre la implantación y el uso de las TIC en los centros docentes de educación primaria y secundaria (curso 2005-2006) /. a[España] :bInstituto de Evaluación y Asesoramiento EducativobNeturitybFundación Germán Sánchez Ruipérez,c[2007]. a260 p. ;c24 cm. aIncluye índice de grafícos aBibliografía : p. 261 001050718MOaGRbGRcCTd2017-10-03iLF1l0oxxxx xxxxp20507-40r2020-06-25w2020-06-25y1ZNo se presta c20011d20011